Ąžuolai okupacijų skersvėjuose
| Titel: | Ąžuolai okupacijų skersvėjuose / Petras Girdzijauskas |
|---|---|
| Verfasser: | |
| Veröffentlicht: | Vilnius : Homo liber, 2024 |
| Umfang: | 319 Seiten : Illustrationen |
| Format: | Buch |
| Sprache: | Litauisch |
| ISBN: | 9786094463051 |
| Hinweise zum Inhalt: |
Inhaltsverzeichnis
Cover |
alg: 52167277 001A $03004:24-09-24 001B $01999:04-12-25 $t22:16:10.000 001D $03004:18-12-24 001U $0utf8 001X $00 002@ $0Aau 002C $aText $btxt $2rdacontent 002D $aohne Hilfsmittel zu benutzen $bn $2rdamedia 002E $aBand $bnc $2rdacarrier 003@ $0521672775 004A $A978-609-446-305-1 007A $0521672775 $aHEB 007G $0DE020A981AF0B1A87356DC1258C2600402602 009P $qapplication/pdf $A2 $3Inhaltsverzeichnis $uhttp://scans.hebis.de/HEBCGI/show.pl?52167277_toc.pdf $mV:DE-603;B:DE-Mb50 009P $qapplication/pdf $A2 $3Cover $uhttp://scans.hebis.de/HEBCGI/show.pl?52167277_cov.pdf $mV:DE-603;B:DE-Mb50 010@ $alit 010E $erda 011@ $a2024 $n2024 021A $aĄžuolai okupacijų skersvėjuose $hPetras Girdzijauskas 028A $BVerfasser $4aut $7 $8Girdzijauskas, Petras [Tnu] $9215567161 033A $pVilnius $nHomo liber 034D $a319 Seiten 034M $aIllustrationen 044K $71349394149 $8Girdzijauskas, Petras$Z1932- [Tp3] $9524135479 044K $RLitovskaja Gubernija $RLitauische Sozialistische Sowjetrepublik $#Litauen $#Litauen $#Litauen $#Lithuania $#Lietuvos Respublika $#République Lithuanienne $#Lithuanie $#Litva 1918 - 1940, 1991, 9 - $#Litovskaja Respublika $#Lithuania 1918 - 1940, 1991, 9 - $#Republik Litauen $#Republic of Lithuania $#Lithuanian Republic $#Litauische Republik $#Lietuva $#Litwa $74074266-0 $8Litauen [Tg1] $9085209074 044K $RKombattant $ROpposition $RWiderstandskämpfer $RProtest $#Government, Resistance to $#Underground movements, War $#Résistance politique $#Mouvements de résistance $#Politischer Widerstand $#Widerstand $#Widerstandsbewegung $#Politischer Widerstand $#Widerstandsbewegung $#Politischer Widerstand $#Widerstandsbewegung $74079262-6 $8Widerstand [Ts1] $9085225177 044K $RBesatzungspolitik $RBesatzungsmacht $RBesetzte Gebiete $#Military occupation $#Occupation militaire $#Occupazione bellica $#Invasion $#Besatzungsstatus $#Okkupation $#Besatzung Völkerrecht $#Okkupation $74006020-2 $8Besetzung [Ts1] $9085008095 044K $RGedächtnis $RGedenken $#Recollection (Psychology) $#Rappel (psychologie) $#Erinnerung $#Erinnern $74015272-8 $8Erinnerung [Ts1] $9085034711 045F $a909 $eDDC23BSB 045F/01 $a909 045F/03 $g4793 045R $aGeschichte lok: 52167277 24 exp: 52167277 24 1 #EPN 201B/01 $018-12-24 $t11:19:39.000 201C/01 $024-09-24 201U/01 $0utf8 203@/01 $01274890152 208@/01 $a18-12-24 $bz 209A/01 $a24.06866 $du $f050 $h24 06866 $x00 209C/01 $a24.06866 K $h24 06866 K 209G/01 $a74859593 $x00 220C/01 $acer 247C/01 $8358050-7Marburg, Bibliothek des Herder-Instituts Marburg $9102600961
| LEADER | 00000cam a2200000 c 4500 | ||
|---|---|---|---|
| 001 | 521672775 | ||
| 003 | DE-603 | ||
| 005 | 20251204221610.0 | ||
| 007 | tu | ||
| 008 | 240924s2024 xx |||| | u00||u|lit c | ||
| 020 | |a 9786094463051 | ||
| 035 | |a (DE-599)HEB521672775 | ||
| 040 | |a DE-603 |b ger |c DE-603 |d DE-603 |e rda | ||
| 041 | |a lit | ||
| 082 | 0 | 4 | |8 1\u |a 909 |q DE-101 |2 23/BSB |
| 085 | |8 1\u |b 909 | ||
| 085 | |8 1\u |z 2 |s 4793 | ||
| 100 | 1 | |a Girdzijauskas, Petras |e Verfasser |4 aut |0 (DE-603)215567161 | |
| 245 | 0 | 0 | |a Ąžuolai okupacijų skersvėjuose |c Petras Girdzijauskas |
| 264 | 1 | |a Vilnius |b Homo liber |c 2024 | |
| 300 | |a 319 Seiten |b Illustrationen | ||
| 336 | |a Text |b txt |2 rdacontent | ||
| 337 | |a ohne Hilfsmittel zu benutzen |b n |2 rdamedia | ||
| 338 | |a Band |b nc |2 rdacarrier | ||
| 600 | 1 | 7 | |a Girdzijauskas, Petras |d 1932- |0 (DE-588)1349394149 |0 (DE-603)524135479 |2 gnd |
| 648 | 7 | |a Geschichte |2 gnd | |
| 650 | 7 | |a Widerstand |0 (DE-588)4079262-6 |0 (DE-603)085225177 |2 gnd | |
| 650 | 7 | |a Besetzung |0 (DE-588)4006020-2 |0 (DE-603)085008095 |2 gnd | |
| 650 | 7 | |a Erinnerung |0 (DE-588)4015272-8 |0 (DE-603)085034711 |2 gnd | |
| 651 | 7 | |a Litauen |0 (DE-588)4074266-0 |0 (DE-603)085209074 |2 gnd | |
| 856 | 4 | 2 | |m V:DE-603;B:DE-Mb50 |q application/pdf |u http://scans.hebis.de/HEBCGI/show.pl?52167277_toc.pdf |3 Inhaltsverzeichnis |
| 856 | 4 | 2 | |m V:DE-603;B:DE-Mb50 |q application/pdf |u http://scans.hebis.de/HEBCGI/show.pl?52167277_cov.pdf |3 Cover |
| 924 | 0 | |9 Mb 50 |a (DE-603)1274890152 |b DE-Mb50 |c HES |d c |g 24.06866 | |


